000 00519nam a2200205Ia 4500
003 OSt
005 20220928151710.0
006 a|||||r|||| 00| 0
007 ta
008 220927b |||||||| |||| 00| 0 eng d
024 _a131196
037 _cTextual
040 _aSDCL
_cSDCL
_beng
041 _2eng
_aeng
082 _aO-,4L92, L4
100 _aHogg Thomas jefferson
_9518204
245 0 _aShelley at oxford
942 _hO-,4L92, L4
_cTEXL
_2CC
999 _c852906
_d852906